00568nam a22001697a 450000500170000001000160001702000250003303500130005803700130007108200140008410000220009824500930012026000350021327000680024830000240031650000580034020160107124358.0 a ENG-114319 a978938190312c495.00 aEN-97851 bDBAD/PUB a327.47058 aGanguli, Sreemati aRussia and the Central Asian republics :cby Sreemati Gangulibpost-Soviet engagements / aNew DelhibKW Publishersc2013 a4676/21, First Floor, Ansari Road, DaryaganjbNew Delhie110002 axiv,137p.c24cm(Hb) a Includes bibliographical references (pages 121-137).